<?xml version="1.0" encoding="UTF-8"?>
<record
    xmlns:xsi="http://www.w3.org/2001/XMLSchema-instance"
    xsi:schemaLocation="http://www.loc.gov/MARC21/slim http://www.loc.gov/standards/marcxml/schema/MARC21slim.xsd"
    xmlns="http://www.loc.gov/MARC21/slim">

  <leader>00636nam a22001337a 4500</leader>
  <datafield tag="040" ind1=" " ind2=" ">
    <subfield code="c">RUA</subfield>
  </datafield>
  <datafield tag="082" ind1=" " ind2=" ">
    <subfield code="a">AGR TRY 2012 B050 Or.1</subfield>
  </datafield>
  <datafield tag="100" ind1=" " ind2=" ">
    <subfield code="a">TRY, ENGMEAN</subfield>
  </datafield>
  <datafield tag="245" ind1=" " ind2=" ">
    <subfield code="a">Herbcidie utilizion on vegetables in saang distict,kandal province, &#x1780;&#x17B6;&#x179A;&#x1794;&#x17D2;&#x179A;&#x17BE;&#x1794;&#x17D2;&#x179A;&#x17B6;&#x179F;&#x17CB;&#x1790;&#x17D2;&#x1793;&#x17B6;&#x17C6;&#x1780;&#x179F;&#x17B7;&#x1780;&#x1798;&#x17D2;&#x1798;&#x179F;&#x1798;&#x17D2;&#x179B;&#x17B6;&#x1794;&#x17CB;&#x179F;&#x17D2;&#x1798;&#x17C5;&#x179B;&#x17BE;&#x178A;&#x17C6;&#x178E;&#x17B6;&#x17C6;&#x1794;&#x1793;&#x17D2;&#x179B;&#x17C2;&#x1793;&#x17C5;&#x179F;&#x17D2;&#x179A;&#x17BB;&#x1780;&#x179F;&#x17D2;&#x17A2;&#x17B6;&#x1784; &#x1781;&#x17C1;&#x178F;&#x17D2;&#x178F;&#x1780;&#x178E;&#x17D2;&#x178F;&#x17B6;&#x179B;</subfield>
  </datafield>
  <datafield tag="260" ind1=" " ind2=" ">
    <subfield code="a">Phnom Penh</subfield>
    <subfield code="b">RUA</subfield>
    <subfield code="c">2012</subfield>
  </datafield>
  <datafield tag="300" ind1=" " ind2=" ">
    <subfield code="a">xiv; 57p.</subfield>
    <subfield code="b">ill.</subfield>
    <subfield code="c">29cm.</subfield>
  </datafield>
  <datafield tag="856" ind1=" " ind2=" ">
    <subfield code="u">https://drive.google.com/file/d/1K3vQ-tzbtbNyztwiy8sXiq2pH3X4oZWa/view?usp=sharing</subfield>
  </datafield>
  <datafield tag="942" ind1=" " ind2=" ">
    <subfield code="c">AGR</subfield>
  </datafield>
  <datafield tag="999" ind1=" " ind2=" ">
    <subfield code="c">1655</subfield>
    <subfield code="d">1655</subfield>
  </datafield>
  <datafield tag="952" ind1=" " ind2=" ">
    <subfield code="0">0</subfield>
    <subfield code="1">0</subfield>
    <subfield code="2">ddc</subfield>
    <subfield code="4">0</subfield>
    <subfield code="6">AGR_TRY_2012_000000000000000_B050_OR_1</subfield>
    <subfield code="7">0</subfield>
    <subfield code="9">7280</subfield>
    <subfield code="a">LBB</subfield>
    <subfield code="b">LBB</subfield>
    <subfield code="c">B050</subfield>
    <subfield code="d">2015-10-02</subfield>
    <subfield code="o">AGR TRY 2012 B050 Or.1</subfield>
    <subfield code="p">RUA000378</subfield>
    <subfield code="r">2015-10-02</subfield>
    <subfield code="w">2015-10-02</subfield>
    <subfield code="y">AGR</subfield>
  </datafield>
  <datafield tag="952" ind1=" " ind2=" ">
    <subfield code="0">0</subfield>
    <subfield code="1">0</subfield>
    <subfield code="2">ddc</subfield>
    <subfield code="4">0</subfield>
    <subfield code="6">AGR_TRY_2012_000000000000000_B050_OR_2</subfield>
    <subfield code="7">0</subfield>
    <subfield code="9">7281</subfield>
    <subfield code="a">LBB</subfield>
    <subfield code="b">LBB</subfield>
    <subfield code="c">B050</subfield>
    <subfield code="d">2015-10-02</subfield>
    <subfield code="l">3</subfield>
    <subfield code="o">AGR TRY 2012 B050 Or.2</subfield>
    <subfield code="p">RUA000522</subfield>
    <subfield code="r">2018-06-16</subfield>
    <subfield code="s">2018-05-23</subfield>
    <subfield code="w">2015-10-02</subfield>
    <subfield code="y">AGR</subfield>
  </datafield>
  <datafield tag="952" ind1=" " ind2=" ">
    <subfield code="0">0</subfield>
    <subfield code="1">0</subfield>
    <subfield code="2">ddc</subfield>
    <subfield code="4">0</subfield>
    <subfield code="6">AGR_TRY_2012_000000000000000_B050_OR_3</subfield>
    <subfield code="7">0</subfield>
    <subfield code="9">71696</subfield>
    <subfield code="a">LBB</subfield>
    <subfield code="b">LBB</subfield>
    <subfield code="c">B050</subfield>
    <subfield code="d">2018-03-27</subfield>
    <subfield code="o">AGR TRY 2012 B050 Or.3</subfield>
    <subfield code="p">A32464</subfield>
    <subfield code="r">2018-03-27</subfield>
    <subfield code="w">2018-03-27</subfield>
    <subfield code="y">AGR</subfield>
  </datafield>
</record>
